Marvel Rivals: Human Torch by Picture - Statistics

General Stats
  • This quiz has been taken 16 times
  • The average score is 4 of 7
Answer Stats
Picture Answer % Correct
The Fantastic Four: First Steps
100%
Future Foundation
83%
First Family
67%
Negative Zone Gladiator
50%
Blood Blaze
33%
Indigo Inferno
33%
Sunny Sizzler
33%
No matching quizzes found
Score Distribution
Percent of People with Each Score
Percentile by Number Answered
Your Score History
You have not taken this quiz